书目信息 |
| 题名: |
忍住!别插手!让孩子独立的自我管理课
|
|
| 作者: | 高取志津香 编著 ;李俊 译 ;日本NPO法人JAM网 编著 | |
| 分册: | 1 合理安排时间 | |
| 出版信息: | 北京 九州出版社 2018.06 |
|
| 页数: | 151页 | |
| 开本: | 21cm | |
| 丛书名: | ||
| 单 册: | ||
| 中图分类: | C912.1-49 , C935-49 | |
| 科图分类: | ||
| 主题词: | 自我管理--zi wo guan li--通俗读物 , 时间--shi jian--管理--通俗读物 | |
| 电子资源: | ||
| ISBN: | 978-7-5108-6725-5 | |
| 000 | 01051nam0 2200277 450 | |
| 001 | 0104125651 | |
| 005 | 20201105162643.53 | |
| 010 | @a978-7-5108-6725-5@dCNY36.00 | |
| 100 | @a20181129d2018 em y0chiy50 ea | |
| 101 | 1 | @achi@cjpn |
| 102 | @aCN@b110000 | |
| 105 | @aa z 000yy | |
| 106 | @ar | |
| 200 | 1 | @a忍住!别插手!让孩子独立的自我管理课@Aren zhu!bie cha shou!rang hai zi du li de zi wo guan li ke@h1@i合理安排时间@f(日)高取志津香, 日本NPO法人JAM网编著@g李俊译 |
| 210 | @a北京@c九州出版社@d2018.06 | |
| 215 | @a151页@c彩图@d21cm | |
| 330 | @a本书为“合理安排时间”,是让孩子“有时间观念”,然后安排事情的先后顺序,计算还剩多少时间,合理地分配时间。 | |
| 606 | 0 | @a自我管理@Azi wo guan li@j通俗读物 |
| 606 | 0 | @a时间@Ashi jian@x管理@j通俗读物 |
| 690 | @aC912.1-49@v5 | |
| 690 | @aC935-49@v5 | |
| 701 | 0 | @c(日)@a高取志津香@Agao qu zhi jin xiang@4编著 |
| 702 | 0 | @a李俊@Ali jun@4译 |
| 711 | 02 | @a日本NPO法人JAM网@Ari ben NPO fa ren JAM wang@4编著 |
| 801 | 0 | @aCN@bBJSZM@c20201104 |
| 905 | @b1262183-6@dC912.1-49@e1745:1@f4 | |
| 忍住!别插手!让孩子独立的自我管理课.1.合理安排时间/(日)高取志津香, 日本NPO法人JAM网编著/李俊译.-北京:九州出版社,2018.06 |
| 151页:彩图;21cm |
| ISBN 978-7-5108-6725-5:CNY36.00 |
| 本书为“合理安排时间”,是让孩子“有时间观念”,然后安排事情的先后顺序,计算还剩多少时间,合理地分配时间。 |
| ● |
| 相关链接 |
|
|
|
|
正题名:忍住!别插手!让孩子独立的自我管理课
索取号:C912.1-49/1745:1
 
预约/预借
| 序号 | 登录号 | 条形码 | 馆藏地/架位号 | 状态 | 备注 |
| 1 | 1262183 | 212621830 | 第一样本阅览室/ [索取号:C912.1-49/1745:1] | 在馆 | |
| 2 | 1262184 | 212621849 | 教育系资料室/ [索取号:C912.1-49/1745:1] | 在馆 | |
| 3 | 1262185 | 212621858 | 教育系资料室/ [索取号:C912.1-49/1745:1] | 在馆 | |
| 4 | 1262186 | 212621867 | 第一借阅区/ [索取号:C912.1-49/1745:1] | 在馆 |